书目信息 |
| 题名: |
二十世纪欧美文学史
|
|
| 作者: | 李海滨 主编 | |
| 分册: | 3 | |
| 出版信息: | 北京 北京大学出版社 1999.06 |
|
| 页数: | 510页 | |
| 开本: | 32开 | |
| 丛书名: | ||
| 单 册: | ||
| 中图分类: | I109.5 | |
| 科图分类: | ||
| 主题词: | 文学史--西方国家--现代 , 文学--世界 | |
| 电子资源: | ||
| ISBN: | 7-301-02685-4 | |
| 000 | 00608nam0 2200205 45 | |
| 001 | 0105170839 | |
| 005 | 20031219104049.7 | |
| 010 | @a7-301-02685-4@dCNY25.50 | |
| 100 | @a20010517d1999 km y0chiy0120 ea | |
| 101 | 0 | @achi |
| 105 | @a z 000yy | |
| 200 | 1 | @a二十世纪欧美文学史@h3@AEr Shi Shi Ji Ou Mei Wen Xue Shi@f李海滨主编@FLi Hai Bin Zhu Bian |
| 210 | @a北京@c北京大学出版社@d1999.06 | |
| 215 | @a510页@d32开 | |
| 606 | 0 | @a文学史@y西方国家@z现代 |
| 606 | 0 | @a文学@x世界 |
| 690 | @aI109.5@v4 | |
| 701 | @a李海滨@4主编 | |
| 801 | @aCN@bTSTC@c20010517 | |
| 905 | @a213230@f4@b297055-058@dI109.5@e41:3 | |
| 二十世纪欧美文学史.3/李海滨主编.-北京:北京大学出版社,1999.06 |
| 510页;32开 |
| ISBN 7-301-02685-4:CNY25.50 |
| ● |
| 相关链接 |
|
|
|
|
正题名:二十世纪欧美文学史
索取号:I109.5/41:3
 
预约/预借
| 序号 | 登录号 | 条形码 | 馆藏地/架位号 | 状态 | 备注 |
| 1 | 0297055 | 202970552 | 第一样本阅览室/ [索取号:I109.5/41:3] | 在馆 | |
| 2 | 0297056 | 202970561 | 第二借阅区/ [索取号:I109.5/41:3] | 在馆 | |
| 3 | 0297057 | 202970570 | 第二借阅区/ [索取号:I109.5/41:3] | 在馆 | |
| 4 | 0297058 | 202970589 | 第二借阅区/ [索取号:I109.5/41:3] | 在馆 |